You Only Have To Be Right Once (Record no. 41216)

MARC details
000 -LEADER
fixed length control field 00482nam a2200193Ia 4500
008 - FIXED-LENGTH DATA ELEMENTS--GENERAL INFORMATION
fixed length control field 220531s9999 xx 000 0 und d
041 ## - LANGUAGE CODE
Language code of text/sound track or separate title eng
082 ## - DEWEY DECIMAL CLASSIFICATION NUMBER
Item number YOU / LAN
100 ## - MAIN ENTRY--PERSONAL NAME
Personal name Lane, Randall
9 (RLIN) 73974
245 ## - TITLE STATEMENT
Title You Only Have To Be Right Once
250 ## - EDITION STATEMENT
Edition statement 1ST
260 ## - PUBLICATION, DISTRIBUTION, ETC. (IMPRINT)
Place of publication, distribution, etc. New Delhi
Name of publisher, distributor, etc. Penguin
Date of publication, distribution, etc. 2014
300 ## - PHYSICAL DESCRIPTION
Extent 208
542 ## - INFORMATION RELATING TO COPYRIGHT STATUS
Copyright holder 15-03-2017
551 ## -
-- Commerce
-- Grantebal-C
650 ## - SUBJECT ADDED ENTRY--TOPICAL TERM
Topical term or geographic name as entry element General
9 (RLIN) 73975
906 ## - LOCAL DATA ELEMENT F, LDF (RLIN)
d 2016-2017
f 10493
Holdings
Withdrawn status Lost status Source of classification or shelving scheme Damaged status Not for loan Collection code Home library Current library Date acquired Vendor Cost, normal purchase price Total Checkouts Total Holds Full call number Barcode Date last seen Cost, replacement price Bill Date Koha item type Original Barcode
    Dewey Decimal Classification       Shri Siddhivinayak Mahila Mahavidyalaya Shri Siddhivinayak Mahila Mahavidyalaya 29/03/2017 Classic Book 699.00   1 /YOU/LAN/B/17805 SSMM-BK-17805 06/08/2022 699.00 06/08/2022 Books 010017805